000 01495nam a2200289 a 4500
001 BS0002292
003 BR-BrBNA
005 20230418192006.0
008 230308b |||||||| |||| 00| 0 por d
040 _aBR-BrBNA
_bpor
_cBiblioteca Nacional de Agricultura
041 _apor
072 _aB54
090 _aB54 BS0002292
100 1 _aMalinowiski, B
245 1 _aUma teoria científica da cultura /
250 1 _a3 ed.
260 3 _aRio de Janeiro, RJ:
_bZahar Editores,
_c1975.
300 _a206 p.
500 _aTradução de José Auto Título original: A scientific theory of culture and other esays.
520 3 _aA Antropologia nasceu sob a estrela do evolucionismo entusiástico, os métodos antropométricos e das descobertas reveladoras em pré-história. Não admira, por isso, que seu interesse inicial se concentrasse na medição de crânios e contagem de ossos em busca do "elo perdido" para a reunião dos elementos sensacionais a respeito de nossos ancestrais semi-humanos. Atualmente, porém, como Ciência Geral do Homem, é a mais ampla entre as disciplinas do Humanismo e seu estudo interessa igualmente ao historiador e ao cientista social, ao lingüista e ao economista. A publicação desta terceira edição de lima Teoria Científica da Cultura é uma comprovação desse renovado interesse.
650 _aSOCIOLOGIA
650 _aCULTURA
650 _aEDUCAÇÃO
650 _aANTROPOLOGIA
909 _a202304
_bSergio Santos
_c56
_dSergio Santos
942 _cBK
999 _c7351
_d7351